000
00461nam a22001217a 4500
008
101110t xxu||||| |||| 00| 0 eng d
245
_a
Life atlas:
_b
pictorial of the world.
260
_a
New York
_b
Time incorporated
_c
1961
300
_a
600 p.
_c
30 cm.
700
_a
Espenshade,Edward
942
_2
lcc
_c
BK
999
_c
37560
_d
37560